All Rick Ross Songs - Statistics

General Stats
  • This quiz has been taken 28 times
    20 since last reset
  • The average score is 43 of 318
Answer Stats
Album Song % Correct
Rich Forever F**k Em
70%
Teflon Don Aston Martin Music
60%
Port of Miami Hustlin'
60%
Trilla Maybach Music
60%
The Albert Anastasia EP B.M.F. (Blowin' Money Fast)
50%
Teflon Don Maybach Music III
50%
Richer Than I Ever Been Richer Than I Ever Been
50%
Port of Miami Blow
40%
Rise to Power B.L.O.W. (Block Life Is Our Way)
40%
Ashes to Ashes | Hood Billionaire | Mastermind | +2 others Intro
40%
Deeper Than Rap Maybach Music 2
40%
God Forgives, I Don't Maybach Music IV
40%
Rather You Than Me Maybach Music V
40%
Port of Miami 2 Maybach Music VI
40%
The Albert Anastasia EP MC Hammer
40%
Ashes to Ashes Ashes to Ashes
30%
Port of Miami Boss
30%
Hood Billionaire Hood Billionaire
30%
Teflon Don I'm Not a Star
30%
Deeper Than Rap Magnificent
30%
Mastermind Nobody
30%
Port of Miami 2 Nobody's Favorite
30%
Richer Than I Ever Been Rapper Estates
30%
Rich Forever Rich Forever
30%
Deeper Than Rap Rich Off Cocaine
30%
Trilla The Boss
30%
Deeper Than Rap Yacht Club
30%
Rise to Power 737
20%
Port of Miami 2 Act a Fool
20%
The Albert Anastasia EP All I Need
20%
Deeper Than Rap All I Really Want
20%
Teflon Don All the Money in the World
20%
Port of Miami 2 Big Tyme
20%
The Black Bar Mitzvah Birthday
20%
Port of Miami 2 Born to Kill
20%
Deeper Than Rap Bossy Lady
20%
Rise to Power Breathe In, Breathe Out
20%
Hood Billionaire | The Black Bar Mitzvah Burn
20%
Port of Miami Cross That Line
20%
Rise to Power Dear Lord
20%
God Forgives, I Don't Diced Pineapples
20%
The Black Bar Mitzvah Don't Like
20%
Deeper Than Rap Face
20%
Port of Miami 2 Fascinated
20%
Port of Miami For da Low
20%
Teflon Don Free Mason
20%
Port of Miami Get Away
20%
Deeper Than Rap Gunplay
20%
Port of Miami Hit U from the Back
20%
Rise to Power Hold Me Down
20%
Port of Miami Hustlin' (Remix)
20%
Self Made Vol. 1 I'm a Boss
20%
Port of Miami I'm a G
20%
Port of Miami I'm Bad
20%
Deeper Than Rap In Cold Blood
20%
Port of Miami It Ain't a Problem
20%
Port of Miami It's My Time
20%
Deeper Than Rap Lay Back
20%
Richer Than I Ever Been Little Havana
20%
Teflon Don Live Fast, Die Young
20%
Deeper Than Rap Mafia Music
20%
Richer Than I Ever Been Marathon
20%
The Albert Anastasia EP Money Maker
20%
Deeper Than Rap Murda Miami
20%
Teflon Don No. 1
20%
The Black Bar Mitzvah No Worries
20%
Port of Miami Pots and Pans
20%
Port of Miami Prayer
20%
Port of Miami Push It
20%
Port of Miami 2 Rich N***a Lifestyle
20%
Port of Miami 2 Running the Streets
20%
Self Made Vol. 1 Self Made
20%
Rise to Power Skit
20%
God Forgives, I Don't So Sophisticated
20%
Port of Miami Street Life
20%
Port of Miami 2 Summer Reign
20%
Mastermind The Devil Is a Lie
20%
Port of Miami 2 Turnpike Ike
20%
The Black Bar Mitzvah Us
20%
Deeper Than Rap Usual Suspects
20%
Deeper Than Rap Valley of Death
20%
Port of Miami Vegas Residency
20%
Port of Miami Where My Money (I Need That)
20%
Port of Miami White House
20%
Port of Miami 2 White Lines
20%
Richer Than I Ever Been Wiggle
20%
Ashes to Ashes 10 Bricks
10%
Black Dollar 2 Shots
10%
The Albert Anastasia EP 300 Soldiers
10%
God Forgives, I Don't 3 Kings
10%
God Forgives, I Don't | The Black Bar Mitzvah 911
10%
Ashes to Ashes 9 Piece
10%
Trilla All I Have in This World
10%
God Forgives, I Don't Amsterdam
10%
Ashes to Ashes Another One
10%
Rather You Than Me Apple of My Eye
10%
God Forgives, I Don't Ashamed
10%
The Black Bar Mitzvah Bands
10%
Black Dollar Beautiful Lie
10%
Rise to Power Been
10%
Black Dollar Bel Air
10%
Black Dollar Bill Gates
10%
Trilla Billionaire
10%
Rise to Power Bird Bath
10%
Ashes to Ashes Black Man's Dream
10%
Black Market Black Opium
10%
Mastermind Blessing in Disguise
10%
Mastermind Blk & Wht
10%
Port of Miami 2 Bogus Charms
10%
Single #3 Box Chevy
10%
Hood Billionaire Brimstone
10%
Single #7 Buy Back the Block
10%
Richer Than I Ever Been Can't Be Broke
10%
Black Market Can't Say No
10%
Black Market Carol City
10%
Deeper Than Rap Cigar Music
10%
The Black Bar Mitzvah Clique
10%
Hood Billionaire Coke Like the 80's
10%
Black Market Color Money
10%
Black Market Crocodile Python
10%
Rather You Than Me Dead Presidents
10%
Black Dollar Dead Rappers
10%
The Albert Anastasia EP Diddy Intro
10%
Trilla DJ Khaled (Interlude)
10%
Black Market D.O.P.E.
10%
Mastermind Dope B***h (Skit)
10%
Black Market Dope Dick
10%
Black Dollar Drive a N***a Crazy
10%
Mastermind Drug Dealers Dream
10%
Hood Billionaire Elvis Presley Blvd.
10%
Ashes to Ashes Even Deeper
10%
Hood Billionaire Family Ties
10%
The Albert Anastasia EP Fire Hazard
10%
Single #8 Florida Boy
10%
Black Dollar | Black Market Foreclosures
10%
Black Market Free Enterprise
10%
Rather You Than Me Game Ain't Based on Sympathy
10%
Black Dollar Geechi Liberace
10%
Rise to Power Get That Bread
10%
Black Market Ghostwriter
10%
Port of Miami 2 Gold Roses
10%
The Black Bar Mitzvah Gone to the Moon
10%
The Albert Anastasia EP Gotti Family
10%
Single #9 Green Gucci Suit
10%
Hood Billionaire Headache
10%
Hood Billionaire Heavyweight
10%
Richer Than I Ever Been Hella Smoke
10%
Trilla Here I Am
10%
Rich Forever High Definition
10%
God Forgives, I Don't Hold Me Back
10%
Rich Forever Holy Ghost
10%
God Forgives, I Don't Ice Cold
10%
Black Dollar Icon
10%
Rather You Than Me Idols Become Rivals
10%
Hood Billionaire If They Knew
10%
Trilla I'm Only Human
10%
Richer Than I Ever Been Imperial High
10%
Mastermind In Vein
10%
Port of Miami 2 I Still Pray
10%
Rich Forever I Swear to God
10%
The Black Bar Mitzvah Itchin'
10%
Rather You Than Me I Think She Like Me
10%
Rise to Power It's On
10%
Ashes to Ashes John Doe
10%
Hood Billionaire Keep Doin' That (Rich B***h)
10%
Rich Forever Keys to the Crib
10%
Rich Forever King of Diamonds
10%
The Albert Anastasia EP Knife Fight
10%
Rather You Than Me Lamborghini Doors
10%
Rich Forever Last Breath
10%
Rich Forever London (Skit)
10%
Trilla Luxury Tax
10%
Richer Than I Ever Been Made It Out Alive
10%
Mastermind Mafia Music III
10%
The Black Bar Mitzvah Mercy
10%
Rich Forever Mine Games
10%
Rich Forever MMG the World Is Ours
10%
Rich Forever MMG Untouchable
10%
Black Dollar | Black Market Money Dance
10%
Trilla Money Make Me Come
10%
Black Dollar Money & Powder
10%
Hood Billionaire Movin' Bass
10%
The Albert Anastasia EP Nasty
10%
Hood Billionaire Neighborhood Drug Dealer
10%
Rich Forever New Bugatti
10%
Hood Billionaire Nickel Rock
10%
Single #5 No Games
10%
Richer Than I Ever Been Not for Nothing
10%
Rich Forever Off the Boat
10%
Black Market One of Us
10%
Richer Than I Ever Been Outlawz
10%
Mastermind Paradise Lost
10%
Rich Forever Party Heart
10%
Black Market Peace Sign
10%
Hood Billionaire Phone Tap
10%
God Forgives, I Don't Pirates
10%
Ashes to Ashes | Self Made Vol. 1 Play Your Part
10%
Rather You Than Me Powers That Be
10%
God Forgives, I Don't Pray for Us
10%
God Forgives, I Don't Presidential
10%
The Black Bar Mitzvah Presidential (Remix)
10%
Rise to Power Prove Me Wrong
10%
Suicide Squad: The Album Purple Lamborghini
10%
Hood Billionaire Quintessential
10%
Rise to Power Realest N***as
10%
Trilla Reppin' My City
10%
Ashes to Ashes RetroSuperFuture
10%
Richer Than I Ever Been Revelations
10%
Mastermind Rich Is Gangsta
10%
Trilla Ridin' Thru the Ghetto
10%
Rich Forever Ring Ring
10%
The Black Bar Mitzvah Rosenberg Skit
10%
Mastermind Sanctified
10%
Rather You Than Me Santorini Greece
10%
Rather You Than Me Scientology
10%
Rich Forever Shaheem Reid Speaks
10%
Ashes to Ashes She Crazy
10%
Rather You Than Me She on My Dick
10%
Black Dollar She Wanna F**k
10%
Mastermind Shots Fired (Skit)
10%
Black Market Silk Road
10%
Rise to Power Simple and Plain
10%
God Forgives, I Don't Sixteen
10%
Black Market Smile Mama, Smile
10%
Black Market Sorry
10%
Trilla Speedin'
10%
Rich Forever Stay Schemin'
10%
Rise to Power Strapped
10%
Rise to Power Street Love
10%
Rather You Than Me Summer Seventeen
10%
The Albert Anastasia EP Super High
10%
Mastermind Supreme
10%
The Albert Anastasia EP Sweet Life
10%
Black Dollar Take Advantage
10%
Teflon Don Tears of Joy
10%
God Forgives, I Don't Ten Jesus Pieces
10%
Richer Than I Ever Been The Pulitzer
10%
Trilla This Is the Life
10%
Trilla This Me
10%
Mastermind Thug Cry
10%
The Black Bar Mitzvah Thumbin'
10%
God Forgives, I Don't Touch'N You
10%
Hood Billionaire Trap Luv
10%
Rather You Than Me Trap Trap Trap
10%
Trilla Trilla Intro
10%
Rich Forever Triple Beam Dreams
10%
Rather You Than Me Triple Platinum
10%
Self Made Vol. 1 Tupac Back
10%
Black Dollar Turn Ya Back
10%
Richer Than I Ever Been Vacheron
10%
Black Market Very Best
10%
Mastermind Walkin' on Air
10%
Richer Than I Ever Been Warm Words in a Cold World
10%
Mastermind War Ready
10%
Black Dollar We Gon Make It
10%
Trilla We Shinin'
10%
Mastermind What a Shame
10%
The Albert Anastasia EP White Sand Part II
10%
The H: The Lost Album Vol. 1 Why
10%
Black Dollar World's Finest
10%
Hood Billionaire Wuzzup
10%
Rich Forever Yella Diamonds
10%
Mastermind You Know I Got It (Reprise)
10%
Django Unchained (Soundtrack) 100 Black Coffins
0%
Self Made Vol. 1 600 Benz
0%
The H: The Lost Album Vol. 1 Addicted
0%
Self Made Vol. 2 All Birds
0%
Teflon Don Audio Meth
0%
Self Made Vol. 2 Bag of Money
0%
The H: The Lost Album Vol. 1 Betty Stout
0%
Self Made Vol. 1 Big Bank
0%
Self Made Vol. 2 Black Magic
0%
Self Made Vol. 2 Buy Me a G
0%
Self Made Vol. 1 By Any Means
0%
The H: The Lost Album Vol. 1 Dont Hustle
0%
Self Made Vol. 1 Fitted Cap
0%
The H: The Lost Album Vol. 1 Flashy Cars Moviestars
0%
Self Made Vol. 2 Fluorescent Ink
0%
Self Made Vol. 2 Fountain of Youth
0%
Self Made Vol. 3 Gallardo
0%
Single #10 Gimme Brain
0%
The H: The Lost Album Vol. 1 Got a B***h
0%
The H: The Lost Album Vol. 1 Homey N Hoes
0%
Single #2 I Love My B***hes
0%
The H: The Lost Album Vol. 1 Justice
0%
Black Dollar Knights of the Templar
0%
Self Made Vol. 3 Lay It Down
0%
Self Made Vol. 2 Let's Talk
0%
Ashes to Ashes Made Men
0%
Single #6 Make It Work
0%
The H: The Lost Album Vol. 1 Money to Make
0%
Self Made Vol. 3 My Man
0%
Single #4 Oil Money Gang
0%
Self Made Vol. 1 Pacman
0%
Self Made Vol. 1 Pandemonium
0%
Single #11 Pinned to the Cross
0%
Self Made Vol. 3 Poor Decisions
0%
The H: The Lost Album Vol. 1 Pop That Pussy
0%
Self Made Vol. 2 Power Circle
0%
Shang-Chi and the Legend of the Ten Rings: The Album Run It
0%
Single #12 SHAQ & KOBE
0%
Self Made Vol. 3 Stack on My Belt
0%
The H: The Lost Album Vol. 1 Sun Come Up
0%
Self Made Vol. 1 That Way
0%
Self Made Vol. 3 The Great Americans
0%
Self Made Vol. 2 The Zenith
0%
Self Made Vol. 2 This Thing Is Ours
0%
Single You the Boss
0%
No matching quizzes found
Score Distribution
Percent of People with Each Score
Percentile by Number Answered
Your Score History
You have not taken this quiz since the last reset